Életet a kastélyba a Teleki-Wattay Kastély látogatottságának és közösségi szerepének felvirágoztatása

Bibliográfiai részletek
Szerző: Sarkadi Levente Dávid
További közreműködők: Schultz Dr. Éva
Dokumentumtípus: Diplomadolgozat
Kulcsszavak:fejlesztési terv
helyi társadalom
kastélyok
kultúra
kultúrális turizmus
Online Access:http://dolgozattar.uni-bge.hu/59591

MARC

LEADER 00000nta a2200000 i 4500
001 dolg59591
005 20260409145255.0
008 260409suuuu hu om 000 hun d
040 |a BGE Dolgozattár Repozitórium  |b hun 
041 |a hu 
100 1 |a Sarkadi Levente Dávid 
245 1 0 |a Életet a kastélyba  |b a Teleki-Wattay Kastély látogatottságának és közösségi szerepének felvirágoztatása  |c Sarkadi Levente Dávid  |h [elektronikus dokumentum] 
520 3 |a A szakdolgozatom a Teleki–Wattay Kastély látogatottságát és közösségi szerepét vizsgálja, egy kérdőíves felmérésre és a Felhőmatrac szállodai foglalási rendszer adatainak elemzésére támaszkodva. A felmérésem a látogatók véleményét és szokásait gyűjti össze, míg a foglalási adatok a vendégforgalom időbeli és összetételbeli alakulását mutatják be. A kutatásom főbb céljai annak a kiderítése, hogy kik és milyen célból látogatják a kastélyt, és milyen szerepet tölt be a kastély a helyi közösség életében. 
695 |a fejlesztési terv 
695 |a helyi társadalom 
695 |a kastélyok 
695 |a kultúra 
695 |a kultúrális turizmus 
700 1 |a Schultz Dr. Éva  |e ths 
856 4 0 |u http://dolgozattar.uni-bge.hu/59591/1/Sarkadi_Levente_David_szakdolgozat.pdf  |z Dokumentum-elérés 
856 4 0 |u http://dolgozattar.uni-bge.hu/59591/2/Sarkadi%20Levente_konzulensi_Schultz%20%C3%89va.pdf  |z Dokumentum-elérés 
856 4 0 |u http://dolgozattar.uni-bge.hu/59591/3/Sarkadi%20Levente_opponens_biralat_Tak%C3%A1csEdit.pdf  |z Dokumentum-elérés